[Event "GER-ch66 V06 email"]
[Site "GER email"]
[Date "2011.10.24"]
[Round "?"]
[White "Maetz, Erich"]
[Black "Langheld, Werner"]
[Result "0-1"]
[WhiteElo "2045"]
[BlackElo "2060"]
[PlyCount "96"]
[EventDate "2011.10.31"]
[EventType "tourn (corr)"]
[EventRounds "6"]
[EventCountry "GER"]
[SourceTitle "Corr 2015"]
[Source "ChessBase"]
[SourceDate "2015.07.17"]
[SourceVersion "1"]
[SourceVersionDate "2015.07.17"]
[SourceQuality "1"]
[WhiteTeam "Germany"]
[BlackTeam "Germany"]
[WhiteTeamCountry "GER"]
[BlackTeamCountry "GER"]

1. c4 c5 2. Nf3 Nc6 3. d4 cxd4 4. Nxd4 e5 5. Nb5 d6 6. N1c3 a6 7. Na3 f5 8. g3 Nf6 9. Bg2 Be6 10. 0-0 Be7 11. Nd5 0-0 12. Nc2 Rc8 13. Nce3 Ne4 14. b4 Bg5 15. Qd3 Bxe3 16. Bxe3 Nf6 17. Nb6 Rc7 18. Rad1 Nxb4 19. Qxd6 Qxd6 20. Rxd6 Re8 21. Rd2 Nc6 22. Bc5 e4 23. Bd6 Rf7 24. Rc1 Rd8 25. f3 h6 26. c5 g5 27. Rc3 Kh7 28. Re3 f4 29. gxf4 gxf4 30. Rxe4 Nxe4 31. fxe4 Ne5 32. Bf3 Nxf3+ 33. exf3 Rg8+ 34. Kf2 Rfg7 35. Bxf4 Rg2+ 36. Ke1 Rxd2 37. Kxd2 Rg2+ 38. Ke3 Rxa2 39. Be5 Rc2 40. f4 Rxc5 41. Bd4 Rh5 42. f5 Rh3+ 43. Kf4 Rh4+ 44. Ke3 Bb3 45. Nd7 a5 46. e5 Bc2 47. Nf6+ Kh8 48. e6 Bxf5 0-1

[Event "GER-ch65 V08 email"]
[Site "GER email"]
[Date "2011.08.04"]
[Round "?"]
[White "Maetz, Erich"]
[Black "Just, Joachim"]
[Result "1/2-1/2"]
[WhiteElo "2041"]
[BlackElo "1968"]
[PlyCount "83"]
[EventDate "2011.08.08"]
[EventType "tourn (corr)"]
[EventRounds "6"]
[EventCountry "GER"]
[SourceTitle "Corr 2015"]
[Source "ChessBase"]
[SourceDate "2015.07.17"]
[SourceVersion "1"]
[SourceVersionDate "2015.07.17"]
[SourceQuality "1"]
[WhiteTeam "Germany"]
[BlackTeam "Germany"]
[WhiteTeamCountry "GER"]
[BlackTeamCountry "GER"]

1. c4 Nf6 2. Nc3 e5 3. Nf3 Nc6 4. a3 Be7 5. e3 0-0 6. Qc2 d5 7. Nxd5 Nxd5 8. cxd5 Qxd5 9. Bd3 Kh8 10. b4 f5 11. Bb2 e4 12. Bc4 Qd6 13. Nd4 Bd7 14. Nxc6 Qxc6 15. 0-0 b5 16. Bb3 Qxc2 17. Bxc2 a5 18. Bc3 Bf6 19. Bxf6 Rxf6 20. d3 exd3 21. Bxd3 Rd6 22. Rfd1 g6 23. Be2 axb4 24. axb4 Rxa1 25. Rxa1 Rd2 26. Rd1 Rxd1+ 27. Bxd1 Kg7 28. Kf1 Kf6 29. Ke2 Ke5 30. Kd3 c5 31. bxc5 Kd5 32. c6 Bxc6 33. g4 fxg4 34. Bxg4 Kc5 35. f4 b4 36. Be6 Bb5+ 37. Kd2 h6 38. h4 Bc6 39. Kd3 Bb5+ 40. Kd2 Bc6 41. Kd3 Bb5+ 42. Kd2 1/2-1/2

[Event "GER-ch65 V08 email"]
[Site "GER email"]
[Date "2011.08.04"]
[Round "?"]
[White "Zenner, Claus"]
[Black "Maetz, Erich"]
[Result "0-1"]
[WhiteElo "2090"]
[BlackElo "2041"]
[PlyCount "82"]
[EventDate "2011.08.08"]
[EventType "tourn (corr)"]
[EventRounds "6"]
[EventCountry "GER"]
[SourceTitle "Corr 2015"]
[Source "ChessBase"]
[SourceDate "2015.07.17"]
[SourceVersion "1"]
[SourceVersionDate "2015.07.17"]
[SourceQuality "1"]
[WhiteTeam "Germany"]
[BlackTeam "Germany"]
[WhiteTeamCountry "GER"]
[BlackTeamCountry "GER"]

1. Nf3 g6 2. d4 Bg7 3. e4 c5 4. d5 Nf6 5. Nc3 0-0 6. Be2 b5 7. e5 Ng4 8. Bxb5 Nxe5 9. Nxe5 Bxe5 10. Bh6 a6 11. Ba4 Bxc3+ 12. bxc3 Qa5 13. Bxf8 Kxf8 14. Bb3 Qxc3+ 15. Kf1 d6 16. Qe1 Qf6 17. Rb1 Nd7 18. Bc4 Qd4 19. Be2 Nf6 20. c4 Ne4 21. Rd1 Qf6 22. Rd3 Rb8 23. f3 Rb2 24. Kg1 Bf5 25. fxe4 Bxe4 26. Rd1 Bc2 27. Qf2 Bxd1 28. Qxf6 exf6 29. Bxd1 Rxa2 30. h3 a5 31. Kh2 a4 32. Bf3 a3 33. Kg3 f5 34. Kf4 Kg7 35. Rb1 Rb2 36. Ra1 Rb3 37. Kg3 g5 38. Kf2 Kf6 39. Ke1 Ke5 40. Bd1 Re3+ 41. Be2 f4 0-1

[Event "GER-ch63 V09 email"]
[Site "GER email"]
[Date "2011.02.15"]
[Round "?"]
[White "Maetz, Erich"]
[Black "Drosson, Franz"]
[Result "1/2-1/2"]
[WhiteElo "1971"]
[BlackElo "1987"]
[PlyCount "91"]
[EventDate "2011.02.21"]
[EventType "tourn (corr)"]
[EventRounds "6"]
[EventCountry "GER"]
[SourceTitle "Corr 2015"]
[Source "ChessBase"]
[SourceDate "2015.07.17"]
[SourceVersion "1"]
[SourceVersionDate "2015.07.17"]
[SourceQuality "1"]
[WhiteTeam "Germany"]
[BlackTeam "Germany"]
[WhiteTeamCountry "GER"]
[BlackTeamCountry "GER"]

1. c4 Nf6 2. Nc3 e6 3. e4 c5 4. e5 Ng8 5. Nf3 d6 6. exd6 Bxd6 7. d4 cxd4 8. Qxd4 Nf6 9. Bf4 Bxf4 10. Qxf4 0-0 11. Rd1 Qb6 12. Rd2 Nc6 13. Qh4 h6 14. Bd3 Qa5 15. 0-0 e5 16. Nd5 Nxd5 17. cxd5 Nd4 18. Rfd1 Qxd5 19. Nxd4 exd4 20. Bb1 Be6 21. Rxd4 Qe5 22. b3 Rac8 23. h3 Rfe8 24. f4 Qc5 25. Kh2 Qc7 26. Rd6 Kf8 27. Bh7 Qc5 28. Bb1 Qc7 29. R6d4 Kg8 30. Qg3 g6 31. Rd6 Qc3 32. Qxc3 Rxc3 33. Re1 Kg7 34. f5 gxf5 35. Bxf5 Kf6 36. Bxe6 Rxe6 37. Rexe6+ fxe6 38. Rd7 Rc2 39. a4 b6 40. Rh7 Kg6 41. Rxa7 Rb2 42. Re7 Kf6 43. Rh7 Kg6 44. Re7 Kf6 45. Rh7 Kg6 46. Rb7 1/2-1/2

[Event "GER-ch62 V06 email"]
[Site "GER email"]
[Date "2011.01.25"]
[Round "?"]
[White "Laube, Bernd"]
[Black "Maetz, Erich"]
[Result "1-0"]
[WhiteElo "2185"]
[BlackElo "2027"]
[PlyCount "125"]
[EventDate "2011.01.31"]
[EventType "tourn (corr)"]
[EventRounds "6"]
[EventCountry "GER"]
[SourceTitle "Corr 2015"]
[Source "ChessBase"]
[SourceDate "2015.07.17"]
[SourceVersion "1"]
[SourceVersionDate "2015.07.17"]
[SourceQuality "1"]
[WhiteTeam "Germany"]
[BlackTeam "Latvia"]
[WhiteTeamCountry "GER"]
[BlackTeamCountry "LAT"]

1. e4 e5 2. Nf3 Nf6 3. Nxe5 Nxe4 4. Qe2 Qe7 5. Qxe4 d6 6. d4 dxe5 7. dxe5 Nc6 8. Nc3 Qxe5 9. Qxe5+ Nxe5 10. Bf4 Bd6 11. Bg3 a6 12. Ne4 h5 13. 0-0-0 h4 14. Nxd6+ cxd6 15. Bf4 Ke7 16. Bd3 h3 17. Be4 hxg2 18. Bxg2 Bf5 19. Rhe1 Rac8 20. c3 b6 21. Bg3 g5 22. Rxd6 Kxd6 23. Rxe5 Be6 24. Rb5+ Ke7 25. Rxb6 Rcd8 26. Rxa6 Bd5 27. Bxd5 Rxd5 28. a4 f5 29. f4 gxf4 30. Bxf4 Kd7 31. Ra7+ Ke6 32. Rb7 Rh4 33. Rb4 Rg4 34. Kc2 Kd7 35. Rc4 Rg2+ 36. Kb3 Rd1 37. Rb4 Re1 38. Rd4+ Kc6 39. Rd6+ Kb7 40. a5 Re4 41. Rb6+ Ka8 42. Bd6 Rd2 43. Ka3 Re6 44. Rb8+ Ka7 45. Bg3 Rf6 46. Bf4 Re2 47. Rg8 Re4 48. Bg3 Re2 49. Bb8+ Kb7 50. b4 Re3 51. Ka4 Rfe6 52. Bg3 Re8 53. Rg5 Rf8 54. c4 f4 55. Bf2 Re2 56. Bc5 Rh8 57. b5 Ra2+ 58. Kb4 Rb2+ 59. Kc3 Rbxh2 60. Rg7+ Ka8 61. b6 R8h3+ 62. Kd4 Rd2+ 63. Ke4 1-0

[Event "GER-ch51 final email"]
[Site "GER email"]
[Date "2011.??.??"]
[Round "?"]
[White "Maetz, Erich"]
[Black "Schowalter, Gerd"]
[Result "1-0"]
[WhiteElo "2041"]
[BlackElo "2090"]
[PlyCount "101"]
[EventDate "2010.??.??"]
[EventType "tourn (corr)"]
[EventRounds "12"]
[EventCountry "GER"]
[SourceTitle "Corr 2015"]
[Source "ChessBase"]
[SourceDate "2015.07.17"]
[SourceVersion "1"]
[SourceVersionDate "2015.07.17"]
[SourceQuality "1"]

1. c4 Nf6 2. Nc3 e5 3. Nf3 Nc6 4. g3 Bc5 5. Bg2 d6 6. e3 0-0 7. 0-0 Bg4 8. h3 Bh5 9. g4 Bg6 10. d4 Bb6 11. a3 Ne4 12. Nd5 f5 13. b4 exd4 14. exd4 fxg4 15. hxg4 Bf7 16. Nxb6 axb6 17. d5 Qf6 18. Rb1 Nc3 19. Bb2 Ne5 20. Bxc3 Nxf3+ 21. Qxf3 Qxf3 22. Bxf3 Bg6 23. Be2 Bxb1 24. Rxb1 Rxa3 25. Bd4 Rfa8 26. Kg2 Ra2 27. Bf3 R8a3 28. Kg3 Rc2 29. c5 b5 30. Be3 Rcc3 31. g5 Kf7 32. cxd6 cxd6 33. Rh1 Kg8 34. Be2 Rcb3 35. Bxb5 Rxb4 36. Bd7 b5 37. Be6+ Kh8 38. g6 h6 39. Kg2 Raa4 40. f3 Ra2+ 41. Kg3 Rba4 42. Bg5 Ra7 43. Bd8 b4 44. Bf7 Rxf7 45. gxf7 Kh7 46. f8Q Ra8 47. Qf5+ Kg8 48. Rxh6 gxh6 49. Be7 Kg7 50. Qf6+ Kg8 51. Qg6+ 1-0

[Event "GER-ch59 V09 email"]
[Site "GER email"]
[Date "2010.08.18"]
[Round "?"]
[White "Maetz, Erich"]
[Black "Wuttke, Johannes"]
[Result "0-1"]
[WhiteElo "2027"]
[BlackElo "1991"]
[PlyCount "72"]
[EventDate "2010.08.30"]
[EventType "tourn (corr)"]
[EventRounds "6"]
[EventCountry "GER"]
[SourceTitle "Corr 2015"]
[Source "ChessBase"]
[SourceDate "2015.07.17"]
[SourceVersion "1"]
[SourceVersionDate "2015.07.17"]
[SourceQuality "1"]
[WhiteTeam "Germany"]
[BlackTeam "Latvia"]
[WhiteTeamCountry "GER"]
[BlackTeamCountry "LAT"]

1. c4 g6 2. e4 Bg7 3. d4 d6 4. Nc3 Nc6 5. Be3 Nf6 6. f3 0-0 7. Nge2 a6 8. Qd2 Re8 9. 0-0-0 b5 10. Ng3 b4 11. Nce2 a5 12. h4 h5 13. Kb1 Ba6 14. Qc2 Qb8 15. Qa4 Qb7 16. Nf4 Nd7 17. Nfxh5 gxh5 18. Nxh5 b3 19. axb3 Nb6 20. Qa3 a4 21. Nxg7 Kxg7 22. d5 Ne5 23. Bxb6 Qxb6 24. b4 Qf2 25. Qc3 Bc8 26. Rd2 Qg3 27. h5 Bd7 28. b5 Kh7 29. Ka2 e6 30. Bd3 Rg8 31. Rf1 Kh6 32. Be2 exd5 33. cxd5 Qf4 34. Rg1 Kh7 35. g3 Rxg3 36. Qxc7 Qxd2 0-1

[Event "GER-ch41 V04 email"]
[Site "GER email"]
[Date "2010.??.??"]
[Round "?"]
[White "Maetz, Erich"]
[Black "Kaiser, Stephan"]
[Result "1/2-1/2"]
[WhiteElo "1991"]
[BlackElo "2149"]
[PlyCount "52"]
[EventDate "2010.??.??"]
[EventType "tourn (corr)"]
[EventRounds "12"]
[EventCountry "GER"]
[SourceTitle "Corr 2015"]
[Source "ChessBase"]
[SourceDate "2015.07.17"]
[SourceVersion "1"]
[SourceVersionDate "2015.07.17"]
[SourceQuality "1"]

1. c4 e5 2. Nc3 Nf6 3. g3 Bb4 4. Bg2 0-0 5. Nf3 d6 6. 0-0 Nc6 7. d3 h6 8. Bd2 Bc5 9. a3 a5 10. Qb3 Re8 11. e3 Bf5 12. Rfc1 Bxd3 13. Ne1 Bf5 14. Qxb7 Bd7 15. Bxc6 Rb8 16. Qa6 Rb6 17. Qxa5 Rxc6 18. Nd5 Ne4 19. f3 Ng5 20. b4 Bb6 21. Qb5 Qc8 22. a4 e4 23. f4 Nh3+ 24. Kg2 Ba7 25. Qa5 Bb6 26. Qb5 Ba7 1/2-1/2

[Event "GER-ch57 V01 email"]
[Site "GER email"]
[Date "2010.??.??"]
[Round "?"]
[White "Reinecke, Rudolf"]
[Black "Maetz, Erich"]
[Result "1/2-1/2"]
[WhiteElo "2185"]
[BlackElo "2099"]
[PlyCount "83"]
[EventDate "2010.??.??"]
[EventType "tourn (corr)"]
[EventRounds "6"]
[EventCountry "GER"]
[SourceTitle "Corr 2015"]
[Source "ChessBase"]
[SourceDate "2015.07.17"]
[SourceVersion "1"]
[SourceVersionDate "2015.07.17"]
[SourceQuality "1"]

1. e4 c5 2. Nf3 d6 3. d4 Nf6 4. Nc3 cxd4 5. Nxd4 Nc6 6. Bg5 e6 7. Qd2 a6 8. 0-0-0 Bd7 9. f4 b5 10. Bxf6 gxf6 11. Kb1 Qb6 12. Nce2 Rc8 13. Qd3 Qb7 14. Ng3 Be7 15. f5 Nxd4 16. Qxd4 Qc6 17. Qd2 h5 18. h4 Qc5 19. Be2 Qe5 20. Nxh5 Bc6 21. Rhe1 Bxe4 22. Bd3 Bxd3 23. Qxd3 Qc5 24. g4 e5 25. c3 Qc6 26. Qe2 a5 27. g5 Qc4 28. Nxf6+ Bxf6 29. gxf6 Qxe2 30. Rxe2 Rd8 31. Red2 Rxh4 32. Rxd6 Rxd6 33. Rxd6 a4 34. b4 axb3 35. axb3 b4 36. cxb4 Rxb4 37. Kc2 Rf4 38. Kd3 Rxf5 39. Ke4 Rf4+ 40. Kxe5 Rb4 41. Rd3 Rb6 42. Kf5 1/2-1/2

[Event "GER-ch52 V3 email"]
[Site "GER email"]
[Date "2009.05.06"]
[Round "?"]
[White "Maetz, Erich"]
[Black "Opitz, Peter"]
[Result "1/2-1/2"]
[WhiteElo "2060"]
[BlackElo "2062"]
[PlyCount "56"]
[EventDate "2009.??.??"]
[EventType "tourn (corr)"]
[EventRounds "6"]
[EventCountry "GER"]
[SourceTitle "Corr 2011"]
[Source "ChessBase"]
[SourceDate "2010.08.31"]
[SourceVersion "1"]
[SourceVersionDate "2010.08.31"]
[SourceQuality "1"]

1. c4 e5 2. Nc3 Nf6 3. g3 Bb4 4. Bg2 0-0 5. Nf3 Nc6 6. 0-0 e4 7. Ng5 Bxc3 8. bxc3 Re8 9. f3 e3 10. d3 d5 11. Qb3 Na5 12. Qa3 c6 13. cxd5 cxd5 14. f4 Nc6 15. Rb1 Qc7 16. Bb2 Bg4 17. c4 dxc4 18. Bxf6 gxf6 19. Ne4 Kg7 20. Qc3 Qd8 21. Rxb7 cxd3 22. Qxd3 Qxd3 23. exd3 Reb8 24. Nxf6 Rxb7 25. Bxc6 Kxf6 26. Bxb7 Rd8 27. Be4 Kg7 28. f5 Kf6 1/2-1/2

[Event "GER-ch55 V06 email"]
[Site "GER email"]
[Date "2009.??.??"]
[Round "?"]
[White "Maetz, Erich"]
[Black "Angermann, Immo Frank"]
[Result "1-0"]
[WhiteElo "2099"]
[BlackElo "1888"]
[PlyCount "69"]
[EventDate "2010.10.09"]
[EventType "tourn (corr)"]
[EventRounds "6"]
[EventCountry "GER"]
[SourceTitle "Corr 2015"]
[Source "ChessBase"]
[SourceDate "2015.07.17"]
[SourceVersion "1"]
[SourceVersionDate "2015.07.17"]
[SourceQuality "1"]

1. c4 c5 2. Nf3 Nf6 3. Nc3 Nc6 4. g3 g6 5. Bg2 Bg7 6. 0-0 0-0 7. d4 cxd4 8. Nxd4 Qb6 9. Nc2 d6 10. b3 Qc5 11. Bb2 Qh5 12. Ne3 Ng4 13. Nxg4 Bxg4 14. Qd2 Bh3 15. Bxh3 Qxh3 16. Nd5 Bxb2 17. Qxb2 Rfc8 18. Rad1 Rab8 19. f4 b5 20. f5 bxc4 21. Rc1 Rb5 22. e4 Rc5 23. Rxc4 Rxc4 24. bxc4 Qh6 25. Qb7 Qf8 26. Kg2 g5 27. c5 dxc5 28. Rc1 Kh8 29. Rxc5 Qe8 30. Rc2 f6 31. h3 h5 32. Nb4 e6 33. e5 exf5 34. exf6 Qe4+ 35. Kh2 1-0

[Event "GER-ch52 V3 email"]
[Site "GER email"]
[Date "2009.??.??"]
[Round "?"]
[White "Maetz, Erich"]
[Black "Wassilieff, Hans Dieter"]
[Result "1-0"]
[WhiteElo "2060"]
[BlackElo "1919"]
[PlyCount "113"]
[EventDate "2009.??.??"]
[EventType "tourn (corr)"]
[EventRounds "6"]
[EventCountry "GER"]
[SourceTitle "Corr 2011"]
[Source "ChessBase"]
[SourceDate "2010.08.31"]
[SourceVersion "1"]
[SourceVersionDate "2010.08.31"]
[SourceQuality "1"]

1. c4 e5 2. Nc3 Nf6 3. g3 Bb4 4. Bg2 0-0 5. Nf3 Re8 6. 0-0 e4 7. Nd4 Nc6 8. Nc2 Ba5 9. Ne3 d6 10. d3 exd3 11. exd3 Bb6 12. Rb1 a5 13. b3 Nd4 14. Bb2 c6 15. Ne4 h6 16. Ba3 Bc7 17. Re1 Be6 18. Qd2 Bh3 19. Bb2 Bxg2 20. Kxg2 Bb6 21. Bxd4 Bxd4 22. Nf5 Nxe4 23. dxe4 Bc5 24. Qb2 Qg5 25. h4 Qg6 26. h5 Qh7 27. Rbd1 Re6 28. Qc1 Bb4 29. Re2 Rae8 30. Qf4 Rf6 31. g4 Kh8 32. Qc1 Bc5 33. Qb2 b5 34. cxb5 cxb5 35. Rd5 Rfe6 36. f3 Qg8 37. Red2 Ra8 38. Nxd6 Bxd6 39. Rxd6 Qe8 40. Kg3 Qb8 41. e5 Qe8 42. R2d5 Rxd6 43. exd6 Rd8 44. Qd2 a4 45. d7 Qe7 46. b4 a3 47. Kf2 Qh4+ 48. Kg2 Qe7 49. Kf1 Qf6 50. Qe2 Qc6 51. Rd2 Kh7 52. Qd3+ g6 53. Kg2 Kg7 54. hxg6 fxg6 55. Qd4+ Kf7 56. Qf4+ Qf6 57. Qxh6 1-0

[Event "GER-ch41 final email"]
[Site "GER email"]
[Date "2008.12.30"]
[Round "?"]
[White "Maetz, Erich"]
[Black "Mehaux, Heiko"]
[Result "1-0"]
[WhiteElo "2125"]
[BlackElo "2087"]
[PlyCount "99"]
[EventDate "2008.??.??"]
[EventType "tourn (corr)"]
[EventRounds "14"]
[EventCountry "GER"]
[SourceTitle "Corr 2011"]
[Source "ChessBase"]
[SourceDate "2010.08.31"]
[SourceVersion "1"]
[SourceVersionDate "2010.08.31"]
[SourceQuality "1"]

1. c4 e6 2. Nc3 Nf6 3. e4 d5 4. e5 d4 5. exf6 dxc3 6. bxc3 Qxf6 7. Nf3 e5 8. Bd3 Na6 9. 0-0 Bg4 10. Be2 e4 11. Nd4 Bd7 12. f3 e3 13. dxe3 Bc5 14. e4 0-0 15. Be3 Rfe8 16. Qc1 b6 17. Rb1 Bf8 18. Rd1 Ba4 19. Rd2 Nc5 20. Nb5 Ne6 21. Bd1 Bxd1 22. Rxd1 a6 23. Nd4 Rad8 24. Qc2 Bc5 25. Qf2 Nf4 26. a4 Ng6 27. a5 bxa5 28. Ra1 Bd6 29. c5 Bxc5 30. Rxa5 Qd6 31. Rda1 Ra8 32. Qf1 Bb6 33. Rxa6 Rxa6 34. Rxa6 h6 35. Qa1 Nf4 36. g3 Ng6 37. Kg2 Qd8 38. Qa4 Qc8 39. h4 Kh7 40. h5 Ne5 41. Qb5 Nd7 42. Qf5+ Kg8 43. Ra1 Nf6 44. Qxc8 Rxc8 45. g4 Kh7 46. Bf2 Rd8 47. Ra6 Ne8 48. e5 g5 49. hxg6+ fxg6 50. f4 1-0